Wahre Aussagen - Sudden Death - Statistiken

Allgemein
  • Dieses Quiz wurde 274 mal gespielt
  • Das Durchschnittsergebnis liegt bei 5 aus 14
Answers on the Grid
Answers color-coded by a green-red scale on the quiz's grid according to % correct below.
1. Dies ist die erste Aussage.
2. Die erste Aussage war richtig.
3. Die ersten vier Aussagen stimmen alle.
4. Dies ist die erste falsche Aussage.
5. Aussage 6 ist falsch
6. Aussage 5 ist falsch.
7. Die Aussagen 5 und 6 sind beide falsch.
8. Von den Aussagen 6 bis 8 sind mindestens zwei falsch.
9. Als nächstes kommt Aussage 10.
10. Aussage 11 ist die nächste richtige Aussage.
11. Aussage 9 war richtig.
12. Mindestens 4 der ersten 12 Aussagen sind falsch.
13. Alle Aussagen mit ungeraden Zahlen sind falsch.
14. Die Aussagen 15 und 16 stimmen beide.
15. Mindestens eine der Aussagen 16 und 17 ist falsch.
16. Mindestens eine der Aussagen 14 und 15 ist richtig.
17. Die Aussagen 15 und 16 sind beide falsch.
18. Alle Aussagen nach dieser sind richtig.
19. Es gibt mehr richtige als falsche Aussagen.
20. Dies ist die letzte Aussage.
 
Antwortstatistiken
Antwort % Korrekt
1. Dies ist die erste Aussage.
99%
2. Die erste Aussage war richtig.
99%
11. Aussage 9 war richtig.
28%
9. Als nächstes kommt Aussage 10.
28%
20. Dies ist die letzte Aussage.
27%
10. Aussage 11 ist die nächste richtige Aussage.
26%
18. Alle Aussagen nach dieser sind richtig.
23%
19. Es gibt mehr richtige als falsche Aussagen.
23%
5. Aussage 6 ist falsch
20%
8. Von den Aussagen 6 bis 8 sind mindestens zwei falsch.
20%
15. Mindestens eine der Aussagen 16 und 17 ist falsch.
19%
16. Mindestens eine der Aussagen 14 und 15 ist richtig.
18%
12. Mindestens 4 der ersten 12 Aussagen sind falsch.
16%
14. Die Aussagen 15 und 16 stimmen beide.
16%
Keine übereinstimmenden Quizze gefunden
Verteilung der Resultate
Anzahl Personen mit jedem Resultat
Perzentil nach korrekt beantworteten Fragen
Ihre Resultats-Entwicklung
Sie haben dieses Quiz noch nicht gespielt